Taylor Swift lyrics association - Statistics

General Stats
  • This quiz has been taken 40 times
  • The average score is 31 of 40
Answer Stats
Lyric Song % Correct
So make the friendship bracelets, take the moment and taste it / You've got no reason to be afraid You're On Your Own, Kid
97%
I once believed love would be burning red / But it's golden Daylight
94%
I could build a castle out of all the bricks they threw at me New Romantics
94%
You drew stars around my scars but now I’m bleeding Cardigan
91%
It was the end of a decade / But the start of an age Long Live
88%
You made a rebel of a careless man's careful daughter / You are the best thing that's ever been mine Mine
88%
I didn't have it in myself to go with grace / 'Cause when I'd fight, you used to tell me I was brave My Tears Ricochet
88%
The monsters turned out to be just trees / When the sun came up you were looking at me Out of the Woods
88%
I had a marvelous time ruining everything The Last Great American Dynasty
88%
I would’ve died for your sins / Instead I just died inside The Smallest Man Who Ever Lived
88%
He's got a one-hand feel on the steering wheel, the other on my heart Our Song
84%
And you say I abandoned the ship, but I was going down with it So Long, London
84%
I was tame, I was gentle ’til the circus life made me mean Who's Afraid of Little Old Me?
84%
Please don't ever become a stranger whose laugh I could recognize anywhere New Year's Day
81%
She's still 23 inside her fantasy Right Where You Left Me
81%
I made you my temple, my mural, my sky / Now I'm begging for footnotes in the story of your life Tolerate It
81%
Cold was the steel of my axe to grind for the boys who broke my heart / Now I send their babies presents Invisible String
78%
I’m damned if I do give a damn what people say Lavender Haze
78%
It takes everything in me just to get up each day / But it’s wonderful to see that you’re OK Mr. Perfectly Fine
78%
You kept me like a secret, but I kept you like an oath All Too Well (10 Minute Version)
75%
You said it was a great love, one for the ages / But if the story’s over, why am I still writing pages? Death By a Thousand Cuts
75%
And if I get burned, at least we were electrified Dress
75%
What we thought was for all time was momentary Loml
75%
Lovelorn and nobody knows / Love thorns all over this rose / I'll pay the price, you won't Slut!
75%
You did a number on me / But honestly, baby, who’s counting? So It Goes...
75%
Old habits die screaming The Black Dog
75%
And they tell you that you're lucky, but you're so confused / 'Cause you don't feel pretty, you just feel used The Lucky One
75%
And now that I'm grown, I'm scared of ghosts, memories feel like weapons Would've, Could've, Should've
75%
I wrote a thousand songs that you find uncool / I built a legacy which you can’t undo ThanK You AImee
72%
He says he's so in love / He's finally got it right / I wonder if he knows he's all I think about at night Teardrops on My Guitar
72%
But I took your matches before fire could catch me / So don't look now, I'm shining like fireworks over your sad, empty town Dear John
69%
Come one come all, it’s happening again How Did It End?
69%
He's got my past frozen behind glass / But I've got me It’s Time To Go
69%
I want auroras and sad prose / I want to watch wisteria grow right over my bare feet / ‘Cause I haven’t moved in years / And I want you right here The Lakes
69%
He said the way my blue eyes shined / Put those Georgia stars to shame that night / I said, 'That's a lie' Tim McGraw
69%
I'm still a believer but I don't know why Mirrorball
66%
You understand now why they lost their minds and fought the wars / And why I've spent my whole life trying to put it in words You Are in Love
66%
You kiss me in a way that's gonna screw me up forever Suburban Legends
63%
You held your pride like you should have held me The Story of Us
59%
It's hard to make a conversation when he's taking my breath away Stay Beautiful
25%
No matching quizzes found
Score Distribution
Percent of People with Each Score
Percentile by Number Answered
Your Score History
You have not taken this quiz